000 00810nas a2200265Ia 4500
001 A50/R173-3170 [r000000282]
003 IT-MiCISF
008 161014c99999999xx |||||||||||| ||und||
040 _aIT-MiCISF
_cIT-MiCISF
041 _aITALIANO
100 _aCensis - Istat
210 _aBambino incompiuto
222 _aBambino incompiuto
245 0 _aI giovani e il mercato del lavoro
250 _a1a ed.
260 _c1986
501 _bCISF - Centro Internazionale Studi Famiglia - Via Giotto, 36 20145 MILANO (non commercial uses only)
_cCopyright 2016
300 _app. 163-165
362 _a1, gen-apr. [1986]
500 _a Tema: età-evolutiva, giovani, lavoro, fasce-di-età
650 _aetà evolutiva
_vindagine
700 _aAA.VV.
942 _cCR
957 _71
999 _a3170
_bSi
_g1
_c221689
_d221689